000 01035nam a22002537a 4500
005 20170124103029.0
010 _aA-664733
020 _c120.00
_a8185828024
035 _aA-664733
037 _bCen Lib/Ret
040 _aDPL
_bHN
082 _a
_bशशिप्र
100 _aशशिप्रभा शास्त्री
_963232
245 _aखामोश होते सवाल /
_cशशिप्रभा शास्त्री
246 _aKhamosh hote sawaal /
_bby Shashi Prabha Shastri
260 _aनयी दिल्ली
_bविद्या विहार
_c1993
270 _bनयी दिल्ली
_a१९८५, कूचा दखनीराय, दरिया गंज
_e110002
300 _a220पृ.
_c21सेमी(सजिल्द)
650 _aहिन्दी साहित्य
_963233
650 _aउपन्यास
_963234
650 _aHindi literature
_963235
650 _aFiction
_98901
942 _2ddc
_cHN
_h
_mशशिप्र
999 _c115789
_d115789